16 Villes d'Europe en A et en images - Statistiques

Statistiques générales
  • Ce quiz a été pris 60 fois
    47 depuis la dernière actualisation
  • Le résultat moyen est 6 sur 16
Statistiques - réponses
Par images Hint Réponse % Correct
Grèce Athènes
90%
France Avignon
90%
Pays-Bas Amsterdam
73%
Belgique Anvers
68%
France Ajaccio
44%
France Annecy
41%
Espagne Alicante
39%
Danemark Aalborg
29%
Allemagne Aix-la-Chapelle
29%
Royaume-Uni Aberdeen
24%
Belgique Anderlecht
22%
Italie Ancône
20%
Allemagne Augsbourg
20%
Espagne Aranjuez
10%
Portugal Agualva-Cacém
2%
Norvège Alta
2%
Aucun quiz correspondant
Distribution des résultats
% des personnes avec chaque résultat
Percentile par nombre de réponses
Votre historique - résultats
Vous n’avez pas pris ce quiz depuis la dernière actualisation